000 00596nam a2200193Ia 4500
003 GCL
008 140319s9999 xx 000 0 ara d
020 _a0978345977
040 _aGCL /
_cGCL
082 0 4 _a332.4
_bك م
100 1 _aكويل، برايان
245 1 0 _aمبادلة العملات /
_cكويل، برايان
260 _aالقاهرة :
_bدار الفاروق للنشر والتوزيع ،
_c2005
300 _a128 ص ؛
_c24 سم
650 0 4 _aالتسويق
650 0 4 _aالتبادل التجارى
650 0 4 _aالنقود - التبادل
942 _2ddc
_cBK
999 _c8259
_d8259